| 000 | 00996cam a2200313 a 4500 | ||
|---|---|---|---|
| 999 |
_c5069 _d5069 |
||
| 001 | 3753106 | ||
| 003 | OSt | ||
| 005 | 20181219195728.0 | ||
| 008 | 821124s1982 oru 000 0aeng | ||
| 010 | _a 82082240 2-19 | ||
| 020 | _a0890813221 (pbk.) | ||
| 040 |
_aDLC _cDLC _dDLC |
||
| 050 | 0 | 0 |
_aBV4935.M48 _bA32 1982 |
| 082 | 0 | 0 |
_a248.24 _219 _bM621B |
| 100 | 1 | _aMichaelsen, Johanna. | |
| 245 | 1 | 4 |
_aThe beautiful side of evil / _cJohanna Michaelsen ; foreword, Hal Lindsey. |
| 260 |
_aEugene, Or. : _bHarvest House Publishers, _cc1982. |
||
| 300 |
_a222 p. ; _c21 cm. |
||
| 504 | _aBibliography: p. 219-222. | ||
| 600 | 1 | 0 | _aMichaelsen, Johanna. |
| 650 | 0 |
_aChristian converts _vBiography. |
|
| 650 | 0 | _aChristian life. | |
| 650 | 0 | _aParapsychology. | |
| 650 | 0 | _aOccultism. | |
| 650 | 0 | _aPsychic surgery. | |
| 856 | 4 | 2 |
_3Publisher description _uhttp://www.loc.gov/catdir/enhancements/fy0715/82082240-d.html |
| 906 |
_a7 _bcbc _corignew _d2 _eopcn _f19 _gy-gencatlg |
||
| 942 |
_2ddc _cBK |
||